01826nam2a22002531 4500001001100000005001700011021001900028035002600047100004100073101000800114102000700122105001800129200015900147210001800306215004000324300009500364461072900459517005601188606013201244606013801376801001801514801002201532852001801554rc\493623020250613043205.0 aRUb[66-52124] a(NLR Aleph) 008947775 a20130426d1966 |||y0rusy50 ca0 arus aRU ab z |||||1 aИркутская область и западная часть Бурятской АССРhЧ. 2iТемпература воздуха и почвы d1966aБ. м. a360 с., 1 л. карт.cкарт. aНа пер. загл. выпуска: Температура воздуха и почвы 01001rc\493612212001#$aСправочник по климату СССР$e[В 34 вып.]$eВып. 1-$fГл. упр. гидрометеорол. службы при Совете Министров СССР. Сев. упр. гидрометеорол. службы. Арханг. гидрометеорол. обсерватория$vВып. 22cЛенинградd1965-fГл. упр. гидрометеорол. службы при Совете Министров СССР. Сев. упр. гидрометеорол. службы. Арханг. гидрометеорол. обсерваторияnГидрометеоиздатo[В 34 вып.] : Вып. 1-tСправочник по климату СССРvВып. 220 aТемпература воздуха и почвы aМетеорологические наблюденияyБурятская АССРjСправочники (вып. 22)2psbo aМетеорологические наблюденияyИркутская областьjСправочники (вып. 22)2psbo 0aRUbNLRgpsbo 1aRUbELAR2rusmarc aNLRj65-7/228